000 00341pab a2200157 454500
008 180718b2008 xxu||||| |||| 00| 0 eng d
100 _aGeorge, N.D.
245 _aMicrofinance: issues and strategies
260 _c2008
300 _ap.41-43.
362 _aJan
650 _aFinance
773 _aYojana
908 _aN
909 _a77048
999 _c77048
_d77048